| 000 | 00443nam a2200169Ia 4500 | ||
|---|---|---|---|
| 008 | 230718s9999 xx 000 0 und d | ||
| 020 | _a9788126546015 | ||
| 041 | _aeng | ||
| 082 |
_a005.74 _bGAR |
||
| 100 |
_aGardener M. _9198412 |
||
| 245 | _aEssential R Reference | ||
| 260 |
_c2014 _bWiley |
||
| 300 | _a554 | ||
| 365 |
_cRs. _b699.00 |
||
| 700 |
_aGardener M. _9198412 |
||
| 906 |
_dO:0487019-Jan-2016B:IN 211425-Dec-2015 _cCOMP _b188.73 |
||
| 999 |
_c341160 _d341160 |
||